Breve de los antecedentes políticos, religiosos y económicos de la migración judía a Polonia y Costa Rica /
Salvato in:
| Autore principale: | |
|---|---|
| Natura: | testo |
| Soggetti: | |
| Tags: |
Aggiungi Tag
Nessun Tag, puoi essere il primo ad aggiungerne!!
|
MARC
| LEADER | 00000 a a2200000 04500 | ||
|---|---|---|---|
| 001 | 44496 | ||
| 003 | |||
| 040 | |||
| 100 | |a Schilfter Sikora, Jacobo | ||
| 245 | |a Breve de los antecedentes políticos, religiosos y económicos de la migración judía a Polonia y Costa Rica / |c Jacobo Schilfter Sikora | ||
| 650 | |a JUDAISMO | ||
| 650 | |a MIGRACION | ||
| 773 | |g Capítulo 1, 86 páginas | ||
| 999 | |c 37838 |d 37838 | ||
